Currency Codes - Statistics

General Stats
  • This quiz has been taken 80 times
  • The average score is 11 of 16
Answer Stats
Hint Answer % Correct
Euro EUR
96%
United Kingdom Pound GBP
94%
Australian Dollar AUD
90%
Canadian Dollar CAD
88%
Japanese Yen JPY
78%
Indonesian Rupiah IDR
73%
Swiss Franc CHF
67%
Malaysian Ringgit MYR
65%
Danish Krone DKK
63%
Vietnamese Dong VND
63%
Philippine Peso PHP
57%
Russian Ruble RUB
55%
South African Rand ZAR
55%
Polish Zloty PLN
43%
Moroccan Dirham MAD
41%
Argentine Peso ARS
27%
No matching quizzes found
Score Distribution
Percent of People with Each Score
Percentile by Number Answered
Your Score History
You have not taken this quiz